000 00421 a2200145 4500
041 _aEng.
082 _aCD5034
100 _aPun, Sen Kumar
245 _aThe English language used by restaurant waiters
260 _aPokhara
_c2010
502 _aDissertation
_bDegree in Education (English)
_cT. U., PNC
650 _aEnglish language
_aTourism industry
_aPronounciation
653 _aEnglish education
942 _2ddc
_cVM
999 _c62856
_d62844